Appropriate technology sourcebook : a guide to practical books for village and small community technology
Guardat en:
| Autor principal: | |
|---|---|
| Altres autors: | |
| Format: | Llibre |
| Idioma: | English |
| Edició: | rev. edition |
| Matèries: | |
| Etiquetes: |
Afegir etiqueta
Sense etiquetes, Sigues el primer a etiquetar aquest registre!
|
MARC
| LEADER | 00000nam a2200000Ia 4500 | ||
|---|---|---|---|
| 003 | 001819 | ||
| 005 | 20221231143934.0 | ||
| 008 | 140114s1993 us a 000 ||eng d | ||
| 040 | |c cru CEDI | ||
| 082 | |a 338.927 D225a | ||
| 100 | |a Darrow, Ken |9 20801 | ||
| 245 | |a Appropriate technology sourcebook : a guide to practical books for village and small community technology | ||
| 250 | |a rev. edition | ||
| 300 | |a 800 páginas : ilustraciones | ||
| 650 | |x TECNOLOGIA APROPIADA |9 20803 | ||
| 700 | |9 20802 |a Saxenian, Mike | ||
| 942 | |2 ddc |c BK | ||
| 999 | |c 14517 |d 14517 | ||
